Effective life management / (Record no. 42285)

MARC details
000 -LEADER
fixed length control field 00782nam a22002297a 4500
005 - DATE AND TIME OF LATEST TRANSACTION
control field 20100817123549.0
010 ## - LCCN (DPL NO)
LC control number ENG-100669
020 ## - INTERNATIONAL STANDARD BOOK NUMBER
International Standard Book Number 9788175053236
Terms of availability 40.00
020 ## - INTERNATIONAL STANDARD BOOK NUMBER
International Standard Book Number 8175053232
Terms of availability 40.00
035 ## - SYSTEM CONTROL NUMBER
System control number EN-84202
037 ## - SOURCE OF ACQUISITION
Source of stock number/acquisition DBAD/PUB
082 ## - DEWEY DECIMAL CLASSIFICATION NUMBER
Classification number 158.1
100 ## - MAIN ENTRY--PERSONAL NAME
Personal name Amartyananda
245 ## - TITLE STATEMENT
Title Effective life management /
Statement of responsibility, etc by Swami Amartyananda
260 ## - PUBLICATION, DISTRIBUTION, ETC. (IMPRINT)
Place of publication, distribution, etc Kolkata
Name of publisher, distributor, etc Advaita Ashrama
Date of publication, distribution, etc 2009
270 ## - ADDRESS
Address 5 Dehi Entally Road
City Kolkata
Postal code 700014
300 ## - PHYSICAL DESCRIPTION
Extent 188p.
Dimensions 18cm (pbk)
650 ## - SUBJECT ADDED ENTRY--TOPICAL TERM
Topical term or geographic name as entry element Personality Development
650 ## - SUBJECT ADDED ENTRY--TOPICAL TERM
Topical term or geographic name as entry element Personnal Improvement
942 ## - ADDED ENTRY ELEMENTS (KOHA)
Source of classification or shelving scheme Dewey Decimal Classification
Item type English Books
Classification part 158.1
Call number suffix AMA
Holdings
Withdrawn status Lost status Not for loan Collection code Home library Current library Date acquired Source of acquisition Cost, normal purchase price Full call number Barcode Copy number Cost, replacement price Koha item type
    Not For Loan Non-fiction D.B.Act.Division D.B.Act.Division 17/08/2010 DBAD/PUB 40.00 158.1 AMA EN-84202 1 40.00 English Books

© Delhi Public Library
Hit Counter
free hit counter